000 00416nam a22001457u 4500
008 130405s1968 xxu||||| |||| 00| 0 spa d
041 _aspa
100 1 _aSerer Vicens, Vicente
_929528
245 0 0 _aRenovación de la vida religiosa
_b:Resortes psicopedagógicos
_cVicente Serer Vicens
260 _aMadrid:
_bStudium,
_c1968
300 _a241 p.
_c;18 cm.
650 0 4 _aOpus Dei
_913681
942 _cBK
001 22560
999 _c255554
_d255554